000 00412nam a2200157 a 4500
005 20140412111421.0
008 080122s19uu xx 00 eng d
020 _a81-7301-605-4
050 _aTR(GS E
_bIt99 2006
100 _aPrakash, Ved
245 _aIt is mine. vol. 7 /
_cVed Prakash.
260 _aIndia :
_bDreamland Publications.
300 _a24p.
440 _aCharacter Building
999 _c106045
_d106045